Psychology in Physical Education and Sport/ (Record no. 208180)

MARC details
000 -LEADER
fixed length control field 00616nam a22001817a 4500
005 - DATE AND TIME OF LATEST TRANSACTION
control field 20250108111520.0
010 ## - LCCN (DPL NO)
LC control number ENG-143261
020 ## - INTERNATIONAL STANDARD BOOK NUMBER
International Standard Book Number 9788175246096
Terms of availability 1300.00
035 ## - SYSTEM CONTROL NUMBER
System control number EN-126793
037 ## - SOURCE OF ACQUISITION
Source of stock number/acquisition DBAD
082 ## - DEWEY DECIMAL CLASSIFICATION NUMBER
Classification number 371.73
100 ## - MAIN ENTRY--PERSONAL NAME
Personal name Kamlesh, M.L.
245 ## - TITLE STATEMENT
Title Psychology in Physical Education and Sport/
Statement of responsibility, etc By M.L. Kamlesh
260 ## - PUBLICATION, DISTRIBUTION, ETC. (IMPRINT)
Place of publication, distribution, etc New Delhi
Name of publisher, distributor, etc Khel Sahitya Kendra
Date of publication, distribution, etc 2015
270 ## - ADDRESS
Address 7/26, Ansari Road, Darya Ganj
City New Delhi
Postal code 110002
Telephone number 011-65190343
-- 011-43551324
-- 011-42564726
Electronic mail address khelsahitya@rediffmail.com
300 ## - PHYSICAL DESCRIPTION
Extent 587p.
Dimensions 23cm(hbk)
942 ## - ADDED ENTRY ELEMENTS (KOHA)
Source of classification or shelving scheme Dewey Decimal Classification
Item type English Books
Classification part 371.73
Call number suffix KAM
Holdings
Withdrawn status Lost status Not for loan Collection code Home library Current library Date acquired Source of acquisition Cost, normal purchase price Full call number Barcode Copy number Cost, replacement price Koha item type
      Non-fiction Kadipur Kadipur 08/01/2025 Delivery of Books Division 1300.00 371.73 KAM EN-126793 1 1300.00 English Books

© Delhi Public Library
Hit Counter
free hit counter